Science Quiz

Random Science Quiz

Planet Quiz Stats

 Plays Quiz not verified by Sporcle

Score 0/48 Timer 12:00
0 Plays Today
Planet Answer % Correct
Mercury4,878
69.4%
Venus12,104
66.7%
Earth12,756
58.3%
Earth1
52.8%
Mars6,787
47.2%
Earth1
47.2%
Earth1
44.4%
Earth1
38.9%
Jupiter142,800
36.1%
Venus-244
36.1%
Saturn120,000
33.3%
Earth17
30.6%
Mars-63
27.8%
Saturn0.44
27.8%
Uranus51,118
25%
Mercury179
25%
Venus467
25%
Jupiter-150
25%
Saturn-170
25%
Uranus-215
25%
Neptune-218
25%
Jupiter0.41
25%
Uranus-0.72
25%
Neptune0.72
25%
Planet Answer % Correct
Venus0.72
22.2%
Mercury0.39
22.2%
Mars1.52
22.2%
Jupiter5.2
22.2%
Neptune30.06
22.2%
Mercury58.65
22.2%
Mars1.03
22.2%
Mercury0.2
22.2%
Jupiter317.83
22.2%
Uranus14.5
22.2%
Saturn9.54
19.4%
Uranus19.18
19.4%
Mercury0.055
19.4%
Venus0.815
19.4%
Mars0.107
19.4%
Saturn95.16
19.4%
Neptune17.1
19.4%
Venus0.62
16.7%
Uranus84
16.7%
Neptune165
16.7%
Neptune49,528
16.7%
Mars1.7
13.9%
Jupiter11.86
13.9%
Saturn29.5
13.9%

You're not logged in!

Compare scores with friends on all Sporcle quizzes.
OR
Log In

Show Comments

Extras

Created Nov 24, 2010ReportNominate
Tags:diameter, mass, orbital, planet

Top Quizzes Today


Score Distribution

Your Account Isn't Verified!

In order to create a playlist on Sporcle, you need to verify the email address you used during registration. Go to your Sporcle Settings to finish the process.

Report this User

Report this user for behavior that violates our Community Guidelines.

Details: